Fundamentals of Database Systems (Record no. 23512)
[ view plain ]
| 000 -LEADER | |
|---|---|
| fixed length control field | 00253nam a22000977a 4500 |
| 008 - FIXED-LENGTH DATA ELEMENTS--GENERAL INFORMATION | |
| fixed length control field | 131105b xxu||||| |||| 00| 0 eng d |
| 020 ## - INTERNATIONAL STANDARD BOOK NUMBER | |
| Terms of availability | Available |
| 050 ## - LIBRARY OF CONGRESS CALL NUMBER | |
| Classification number | 005.74ELM |
| 245 ## - TITLE STATEMENT | |
| Title | Fundamentals of Database Systems |
| Statement of responsibility, etc. | Elmasri Navathe |
| 250 ## - EDITION STATEMENT | |
| Edition statement | Third Edition |
| Withdrawn status | Lost status | Source of classification or shelving scheme | Damaged status | Not for loan | Permanent Location | Current Location | Shelving location | Date acquired | Full call number | Barcode | Date last seen | Price effective from | Koha item type |
|---|---|---|---|---|---|---|---|---|---|---|---|---|---|
| NUST Baluchistan Campus (NBC) | NUST Baluchistan Campus (NBC) | General Stacks | 11/05/2013 | 005.74ELM | RCMS001002 | 11/05/2013 | 11/05/2013 | Book |
